00729cam a22002531 4500001001300000003000400013005001700017008004100034010001700075035001900092040001800111042001200129050001800141082001200159100004200171245006100213250001400274260004400288300003200332440003500364504003100399650002800430999001700458sa 67006901 DLC20260227112411.0760913s1967 ii a b 000 0 eng  asa 67006901  a(OCoLC)2429035 aDLCcNNUdDLC apremarc00aBL2030.B4bR6 a291.3/52 aRoy Choudhury, Pranab Chandra,d1903-10aTemples and legends of Bengal,cby P. C. Roy Choudhury. a[1st ed.] aBombay,bBharatiya Vidya Bhavan,c1967. axix, 167 p.billus.c19 cm. 0aBhavan's book university,v147 aBibliographical footnotes. 0aTempleszIndiazBengal. c76224d76224